Statystyki dla Losowe państwa na mapie Oceanii

Kliknij tutaj aby rozwiązać quiz!

Ogólne statystyki

  • Ten quiz został rozwiązany 840 razy
  • Średni wynik to 4 z 5

Odpowiedzi na mapie

Odpowiedzi skodowane kolorowo w zielono-czerwonej skali na mapie do tego quizu, zgodnie z poniższymi procentami.
 

Statystyki odpowiedzi

Kraj% Poprawnych
Australia
100%
Nowa Zelandia
93%
Fidżi
90%
Papua-Nowa Gwinea
89%
Kiribati
86%
Tuvalu
86%
Mikronezja
81%
Palau
77%
Samoa
76%
Vanuatu
74%
Nauru
68%
Wyspy Marshalla
65%
Wyspy Salomona
64%
Tonga
40%

Rozkład punktacji

Percentyl według liczby udzielonych odpowiedzi

Procent ludzi z każdym wynikiem

Twoja historia wyników

Nie rozwiązałeś tego quizu